Normal view
MARC view
Entry Personal Name
001 - CONTROL NUMBER
- control field: 55269
003 - CONTROL NUMBER IDENTIFIER
- control field: dpl
005 - DATE AND TIME OF LATEST TRANSACTION
- control field: 20130227124912.0
008 - FIXED-LENGTH DATA ELEMENTS
- fixed length control field: 130227|||a|||||| | ||| d
040 ## - CATALOGING SOURCE
- Original cataloging agency: dpl
- Transcribing agency: dpl
100 ## - HEADING--PERSONAL NAME
- Personal name: Gallo, Carmine
670 ## - SOURCE DATA FOUND
- Source citation: Work cat.: (dpl)60955: Gallo, Carmine, The power of Foursquare :, c2012
670 ## - SOURCE DATA FOUND
- Source citation: Work cat.: (dpl)60955: Gallo, Carmine, The power of Foursquare :, c2012
